Statistiques concernant Connaissez-vous réellement Neymar?

Cliquez ici pour prendre le quiz!

Statistiques générales

  • Ce quiz a été pris 422 fois
  • Le résultat moyen est 6 sur 15

Statistiques - réponses

IndiceRépondre% Correct
Club actuelPSG
91%
Pied fort ( droit,gauche ou les deux)droit
76%
Équipe nationale (pays pour lequel il joue)Brésil
70%
Quel est le mois <<maudit>> de Neymar?février
62%
Quel a été le premier club ou Neymar a joué?Santos FC
44%
Date de naissance de Neymar (jour,mois et année)5 février 1992
40%
Nom complet. (5 mots)Neymar da Silva Santos Junior
40%
En quelle année remporte t'il la coupe des confédérations.2013
38%
Prénom de la soeur de Neymar.Raphaëlla
35%
Argent déboursé pour acceuillir Neymar en France.222 millions d'euros
20%
Dans quel match Neymar s'est-il bléssé à la cheville droite? (en 2023)PSG - Lille
14%
À quel age a-t'il failli mourir dans un accident d'auto?4 mois
8%
Nom de son fils. ( prénom et nom de famille)Davi Lucca da Silva Santos
8%
Lieu de naissanceMogi das Cruzes
7%
Position principale dans le club. ( défenseur, attaquant ou milleu de terrain et plus précis)attaquant allier gauche
1%

Distribution des résultats

Percentile par nombre de réponses

% des personnes avec chaque résultat

Votre développement - résultats

Vous n’avez pas pris ce quiz